000 00327nam a2200133 i 4500
001 bg
100 1 _aKRASZEWSKI, Andrzej
245 0 _aMikrofalowe układy przełączające /
_cAndrzej Kraszewski.
260 _aWarszawa,
_c1966.
040 _cBPK
041 _apol
942 _cKS
008 s pl f |000 0 pol
999 _c15980
_d15980
856 _uhttp://koha.tu.koszalin.pl/cgi-bin/koha/opac-detail.pl?biblionumber=15980
_yKatalog online BPK